PGE Ekstraliga Składy Drużyn 2025 - Statystyki

Ogólne statystyki
  • Ten quiz został rozwiązany 338 razy
  • Średni wynik to 33 z 65
Statystyki odpowiedzi
Imie i nazwisko Klub Kraj pochodzenia: % Poprawnych
Bartosz Zmarzlik Motor Lublin Polska
97%
Dominik Kubera Motor Lublin Polska
92%
Fredrik Lindgren Motor Lublin Szwecja
90%
Chris Holder ROW Rybnik Australia
89%
Jack Holder Motor Lublin Australia
89%
Mateusz Cierniak Motor Lublin Polska (U-24)
84%
Wiktor Przyjemski Motor Lublin Polska
75%
Bartosz Banbor Motor Lublin Polska
74%
Patryk Dudek KS Apator Toruń Polska
73%
Artiom Laguta BETARD Sparta Wrocław Rosja/Polska
68%
Maciej Janowski BETARD Sparta Wrocław Polska
67%
Jan Kvech KS Apator Toruń Czechy (U-24)
65%
Robert Lambert KS Apator Toruń Wielka Brytania
65%
Martin Vaculik Stal Gorzów Słowacja
64%
Rasmus Jensen Falubaz Zielona Góra Dania
64%
Brady Kurtz BETARD Sparta Wrocław Australia
63%
Mikkel Michelsen KS Apator Toruń Dania
62%
Nicki Pedersen ROW Rybnik Dania
62%
Piotr Pawlicki Włókniarz Częstochowa Polska
62%
Przemyslaw Pawlicki Falubaz Zielona Góra Polska
62%
Bartłomiej Kowalski BETARD Sparta Wrocław Polska (U-24)
60%
Anders Thomsen Stal Gorzów Dania
58%
Daniel Bewley BETARD Sparta Wrocław Wielka Brytania
58%
Michael Jepsen Jensen GKM Grudziądz Dania
57%
Oskar Paluch Stal Gorzów Polska
57%
Jason Doyle Włókniarz Częstochowa Australia
56%
Leon Madsen Falubaz Zielona Góra Dania
56%
Antoni Kawczynski KS Apator Toruń Polska
55%
Max Fricke GKM Grudziądz Australia
54%
Krzysztof Lewandowski KS Apator Toruń Polska
53%
Jakub Krawczyk BETARD Sparta Wrocław Polska
51%
Marcel Kowolik BETARD Sparta Wrocław Polska
51%
Oskar Fajfer Stal Gorzów Polska
51%
Emil Sajfutdinow KS Apator Toruń Rosja/Polska
50%
Jaimon Lidsey GKM Grudziądz Australia
47%
Andzejs Lebiediew Stal Gorzów Łotwa
46%
Adam Bednar Stal Gorzów Czechy/Polska (U-24)
45%
Jakub Miskowiak GKM Grudziądz Polska (U-24)
45%
Kacper Woryna Włókniarz Częstochowa Polska
45%
Kevin Malkiewicz GKM Grudziądz Polska
45%
Maksym Drabik ROW Rybnik Polska
45%
Wadim Tarasienko GKM Grudziądz Rosja/Polska
45%
Jaroslaw Hampel Falubaz Zielona Góra Polska
44%
Mads Hansen Włókniarz Częstochowa Dania
42%
Damian Ratajczak Falubaz Zielona Góra Polska
40%
Kacper Lobodzinski GKM Grudziądz Polska
40%
Hubert Jablonski Stal Gorzów Polska
38%
Rohan Tungate ROW Rybnik Australia
38%
Wiktor Lampart Włókniarz Częstochowa Polska (U-24)
38%
Kacper Pludra ROW Rybnik Polska (U-24)
37%
Francis Gusts BETARD Sparta Wrocław Łotwa (Rezerwowy)
36%
Oskar Hurysz Falubaz Zielona Góra Polska
36%
Gleb Czugunow ROW Rybnik Rosja/Polska
35%
Jesper Knudsen ROW Rybnik Dania (Rezerwowy)
34%
Jonas Knudsen Falubaz Zielona Góra Dania (Rezerwowy)
34%
Franciszek Karczewski Włókniarz Częstochowa Polska
33%
Michal Curzytek Falubaz Zielona Góra Polska (U-24)
29%
Pawel Trzesniewski ROW Rybnik Polska
28%
Kacper Tkocz ROW Rybnik Polska
26%
Jan Przanowski GKM Grudziądz Polska (Rezerwowy)
18%
Nicolai Heiselberg KS Apator Toruń Dania (Rezerwowy)
17%
Kajetan Kupiec Włókniarz Częstochowa Polska
9%
Mattias Pollestadt Stal Gorzów Norwegia (Rezerwowy)
6%
Jan Rachubik Motor Lublin Polska (Rezerwowy)
4%
Bartosz Smigielski Włókniarz Częstochowa Polska (Rezerwowy)
3%
Nie znaleziono quizów pasujących do podanych kryteriów
Rozkład punktacji
Procent ludzi z każdym wynikiem
Percentyl według liczby udzielonych odpowiedzi
Twoja historia wyników
Nie rozwiązałeś tego quizu